| 000 | 01553nam a22002297a 4500 | ||
|---|---|---|---|
| 005 | 20250620154020.0 | ||
| 010 | _aB-765203-5218 25BACHN25 HIN-129865 | ||
| 020 |
_a9789355436320 _c399.00 |
||
| 035 | _aB-765203-5218 | ||
| 035 | _aHN-102211 | ||
| 037 | _bपार्थ | ||
| 037 | _bपुस्तक प्रदान अधिनियम विभाग | ||
| 082 | _a294.544 | ||
| 100 |
_aचोपड़ा, दीपक _982214 |
||
| 245 |
_aलाइफ़ आफ्टर डेथ: _bमृत्यु से जुड़े सवालों के जवाब/ _cदीपक चोपड़ा [और] रचना भोला |
||
| 260 |
_aमध्य प्रदेश _bमंजुल पब्लिशिंग हाउस _c2023 |
||
| 270 |
_aद्वितीय तल, उषा प्रीत कॉम्प्लेक्स, 42 मालवीय नगर, भोपाल _bभोपाल _e462003 |
||
| 300 |
_a294पृ; _c20 सेमी (अजिल्द) |
||
| 700 |
_aभोला, रचना _eलेखक _979061 |
||
| 942 |
_cHN _2ddc _h294.544 _mचोपड़ा |
||
| 999 |
_c209952 _d209952 |
||